Electric lighting and power distribution : dealing with the fundamental principles of electricity in their application to the electrical engineering industries, Vol-1) (Record no. 1424)

000 -LEADER
fixed length control field 00546nam a22001577a 4500
008 - FIXED-LENGTH DATA ELEMENTS--GENERAL INFORMATION
fixed length control field 200123b ||||| |||| 00| 0 eng d
082 00 - DEWEY DECIMAL CLASSIFICATION NUMBER
Classification number 621.3
Item number M4678
100 ## - MAIN ENTRY--PERSONAL NAME
9 (RLIN) 506
Personal name Maycock, W. Parren.
245 10 - TITLE STATEMENT
Title Electric lighting and power distribution : dealing with the fundamental principles of electricity in their application to the electrical engineering industries, Vol-1)
250 ## - EDITION STATEMENT
Edition statement 9th
260 ## - PUBLICATION, DISTRIBUTION, ETC. (IMPRINT)
Place of publication, distribution, etc London
Name of publisher, distributor, etc Pitman
Date of publication, distribution, etc 1947
300 ## - PHYSICAL DESCRIPTION
Extent xiii,562p.
365 ## - TRADE PRICE
Unit of pricing 10.02
650 #0 - SUBJECT ADDED ENTRY--TOPICAL TERM
Topical term or geographic name as entry element Electrical Engineering
942 ## - ADDED ENTRY ELEMENTS (KOHA)
Item type Books
Holdings
Withdrawn status Lost status Source of classification or shelving scheme Damaged status Not for loan Permanent location Current location Date acquired Full call number Barcode Date last seen Koha item type
          IMU Kolkata IMU Kolkata 1953-01-19 621.3 M4678 01216 2020-01-23 Books
Designed and Maintained by IMU-KC Library, Kolkata Campus © Copyright All Rights Reserved

webs counters

Powered by Koha